000 00321nam a22001337a 4500
008 171023b xxu||||| |||| 00| 0 eng d
020 _a9780024068316
041 _aeng
080 _a338
100 _a54
101 _aMO
245 _aPLANT AND SERVICE TOURS IN OPERATIONS MANAGEMENT
_cSCHMENNER, R.W
942 _2udc
_cBK
999 _c35440
_d35440